00800nam a2200205 a 450000100100000000500170001000800410002702000150006804000250008308200130010810000420012124500800016326000310024330000210027449000740029583000820036904900090045195201170046099900170057700002458020200930023242.0860327s1981 sp 000 0 spa d a8427605196 aDO-SdBNPbspacBNPHU ann*bnn*1 aDomínguez del Val, Ursicino.95040910aLeandro de Sevilla y la lucha contra el arrianismo /cUrsicino Domínguez. aMadrid :bNacional,c1981. a541 p. ;c21 cm.1 aBiblioteca de visionarios heterodoxos y marginados. Segunda seriev12 0aBiblioteca de visionarios heterodoxos y marginadospSegunda serie,v12950410 aBNGR 001054708MOaGRbGRcCTd2011-01-31iLF1l0onn* nn*p24580-10r2020-06-25w2020-06-25y4ZPréstamo en sala c24073d24073